Psychology today. (Record no. 14804)
[ view plain ]
| 000 -LEADER | |
|---|---|
| fixed length control field | 00568cas a22002051 4500 |
| 001 - CONTROL NUMBER | |
| control field | 0000019333 |
| 005 - DATE AND TIME OF LATEST TRANSACTION | |
| control field | 20151217160930.0 |
| 008 - FIXED-LENGTH DATA ELEMENTS--GENERAL INFORMATION | |
| fixed length control field | 101028c xxur p 0 0eng d |
| 022 ## - INTERNATIONAL STANDARD SERIAL NUMBER | |
| International Standard Serial Number | 0033-3107 |
| 040 ## - CATALOGING SOURCE | |
| Original cataloging agency | KABU |
| Transcribing agency | KABU |
| 245 00 - TITLE STATEMENT | |
| Title | Psychology today. |
| 260 ## - PUBLICATION, DISTRIBUTION, ETC. (IMPRINT) | |
| Place of publication, distribution, etc. | New York : |
| Name of publisher, distributor, etc. | Sussex. |
| 300 ## - PHYSICAL DESCRIPTION | |
| Extent | v : |
| Other physical details | ill. |
| 310 ## - CURRENT PUBLICATION FREQUENCY | |
| Current publication frequency | Bimonthly, |
| 650 #0 - SUBJECT ADDED ENTRY--TOPICAL TERM | |
| Topical term or geographic name as entry element | Psychology |
| Form subdivision | Popular works |
| -- | Periodicals. |
| -- | 0000171175 |
| 650 #0 - SUBJECT ADDED ENTRY--TOPICAL TERM | |
| Topical term or geographic name as entry element | Psychology, Social |
| Form subdivision | Periodicals. |
| -- | 0000179054 |
| 908 ## - PUT COMMAND PARAMETER (RLIN) | |
| Put command parameter | 101028 |
| 950 ## - LOCAL HOLDINGS (RLIN) | |
| -- | 1 |
| Withdrawn status | Lost status | Source of classification or shelving scheme | Not for loan | Home library | Current library | Date acquired | Total Checkouts | Full call number | Barcode | Date last seen | Price effective from | Koha item type |
|---|---|---|---|---|---|---|---|---|---|---|---|---|
| Library of Congress Classification | Not For Loan | Kabarak, Main Campus | Kabarak, Main Campus | 17/12/2015 | BF1 .P79 2009 c. 1 | 23626 | 17/12/2015 | 17/12/2015 | Periodicals |